Hỏi đáp về trình tự, thủ tục xây dựng
Uloženo v:
| Hlavní autor: | |
|---|---|
| Médium: | Kniha |
| Jazyk: | Undetermined |
| Vydáno: |
Hà Nội
Công an nhân dân
2004
|
| Témata: | |
| Tagy: |
Přidat tag
Žádné tagy, Buďte první, kdo otaguje tento záznam!
|
| Thư viện lưu trữ: | Trung tâm Học liệu Trường Đại học Cần Thơ |
|---|
| LEADER | 00673nam a2200205Ia 4500 | ||
|---|---|---|---|
| 001 | CTU_74723 | ||
| 008 | 210402s9999 xx 000 0 und d | ||
| 020 | |b 34000 | ||
| 082 | |a 346.597078624 | ||
| 082 | |b H121 | ||
| 100 | |a Ngô, Sĩ Hân | ||
| 245 | 0 | |a Hỏi đáp về trình tự, thủ tục xây dựng | |
| 245 | 0 | |c Ngô Sĩ Hân, Đặng Văn Được | |
| 260 | |a Hà Nội | ||
| 260 | |b Công an nhân dân | ||
| 260 | |c 2004 | ||
| 650 | |a Construction industry,Construction,Land use | ||
| 650 | |x Standards,Law and legislation,Law and legislation | ||
| 904 | |i Tuyến | ||
| 980 | |a Trung tâm Học liệu Trường Đại học Cần Thơ | ||